000
00231 a2200097 4500
001
23231
100
_a
Burington, R.S
245
_a
Handbook of mathematical tables formulas
260
_a
_b
McGraw-Hill
_c
1965
090
_c
15739
_d
15739
942
_a
NUST-CAE
_c
M
_c
6379
999
_c
258304
_d
258304